Drapeaux d'Amérique du Sud- Quiz - Statistiques

Statistiques générales
  • Ce quiz a été pris 9 334 fois
  • Le résultat moyen est 11 sur 12
Statistiques - réponses
Par images Réponse % Correct
Argentine
100%
Bresil
100%
Uruguay
94%
Chili
92%
Colombie
92%
Perou
91%
Venezuela
89%
Equateur
86%
Paraguay
83%
Bolivie
81%
Suriname
80%
Guyana
77%
Aucun quiz correspondant
Distribution des résultats
% des personnes avec chaque résultat
Percentile par nombre de réponses
Votre historique - résultats
Vous n’avez pas pris ce quiz